000 00290nam a2200109Ia 4500
008 220204s9999 xx 000 0 und d
082 _a336.126.5:328(540)
_bWAT
100 _aWATTAL, P K
245 0 _aParliamentary financial control in India
260 _aBombay
_bMinerva
_c1962
942 _cBK
999 _c20033
_d20033